[Event "Schachfestival 2020-Open"]
[Site "Bad Woerishofen"]
[Date "2020.03.18"]
[Round "8.4"]
[White "Burmakin, Vladimir"]
[Black "Stojanovski, Sandi"]
[Result "1-0"]
[WhiteElo "2514"]
[BlackElo "2209"]
[Annotator "chessorg"]
[PlyCount "99"]
[EventDate "2020.??.??"]

1. d4 d5 2. Nf3 Nf6 3. g3 c6 4. c4 Bf5 5. Nc3 e6 6. Nh4 Be4 7. f3 Bg6 8. Qb3
Qb6 9. c5 Qxb3 10. axb3 Nbd7 11. Nxg6 hxg6 12. b4 a6 13. b5 cxb5 14. Nxb5 Rc8
15. Nc3 Be7 16. e3 Nb8 17. Be2 Nc6 18. O-O O-O 19. f4 Nd7 20. Bd2 Bd8 21. h4
Ba5 22. Rfb1 Bb4 23. Be1 Ra8 24. Rc1 Rfb8 25. Kf1 b5 26. cxb6 Bxc3 27. bxc3
Rxb6 28. c4 a5 29. c5 Rb3 30. Bc3 Rbb8 31. Bd1 Nf6 32. Ba4 Nb4 33. Ke2 Ne4 34.
Be1 Ra7 35. Rcb1 Kf8 36. Bc2 Rab7 37. Bxe4 dxe4 38. Bxb4 Rxb4 39. Rxb4 axb4 40.
Kd2 Ke7 41. Kc2 Kf6 42. g4 Rh8 43. Kb3 Rxh4 44. Kxb4 Rxg4 45. c6 Rh4 46. Ra8
Rh1 47. c7 Rb1+ 48. Kc5 Rc1+ 49. Kd6 g5 50. fxg5+ 1-0

[Event "Schachfestival 2020-Open"]
[Site "Bad Woerishofen"]
[Date "2020.03.13"]
[Round "8.5"]
[White "Parligras, Cosmin"]
[Black "Assaubayeva, Bibisara"]
[Result "1/2-1/2"]
[WhiteElo "2252"]
[BlackElo "2370"]
[Annotator "chessorg"]
[PlyCount "66"]
[EventDate "2020.??.??"]
[WhiteTeam "Victoria Techirghiol"]

1. e4 c5 2. c3 Nf6 3. e5 Nd5 4. d4 cxd4 5. Nf3 Nc6 6. cxd4 d6 7. Bc4 e6 8. O-O
Be7 9. Qe2 O-O 10. Re1 dxe5 11. dxe5 b6 12. Nc3 Nxc3 13. bxc3 Bb7 14. Bd2 Qc7
15. Bd3 Rfd8 16. Rad1 Rd7 17. Bc2 Rad8 18. h4 Nb4 19. Bxh7+ Kxh7 20. cxb4 Qc2
21. Rc1 Qxa2 22. Ng5+ Bxg5 23. Bxg5 Qxe2 24. Rxe2 Rd1+ 25. Rxd1 Rxd1+ 26. Kh2
Bd5 27. Rc2 a5 28. bxa5 bxa5 29. Rc7 a4 30. Ra7 Ra1 31. Be7 Ra2 32. Kg3 Ra1 33.
f3 Ra2 1/2-1/2

[Event "Schachfestival 2020-Open"]
[Site "Bad Woerishofen"]
[Date "2020.03.13"]
[Round "8.6"]
[White "Pirrot, Dieter"]
[Black "Kuipers, Dustin"]
[Result "1-0"]
[WhiteElo "2313"]
[BlackElo "2155"]
[Annotator "chessorg"]
[PlyCount "55"]
[EventDate "2020.??.??"]
[WhiteTeam "SV 1920 Hofheim"]
[BlackTeam "SV Muelheim-Nord 1931 e.V"]

1. e4 c6 2. d4 d5 3. e5 Bf5 4. h4 Qc7 5. Nc3 h5 6. Bd3 Bxd3 7. Qxd3 e6 8. Nge2
Nd7 9. O-O Rc8 10. Bg5 Nh6 11. Nf4 Nf5 12. Nce2 Be7 13. Bxe7 Nxe7 14. c4 dxc4
15. Qxc4 Nb6 16. Qd3 Nf5 17. Ng3 Nxg3 18. fxg3 Qd7 19. Rad1 Nd5 20. Nh3 O-O 21.
Ng5 g6 22. Ne4 Kg7 23. Qe2 b6 24. Rf2 Rcd8 25. g4 hxg4 26. h5 f5 27. exf6+ Nxf6
28. h6+ 1-0

[Event "Schachfestival 2020-Open"]
[Site "Bad Woerishofen"]
[Date "2020.03.13"]
[Round "8.8"]
[White "Dorst, Johannes"]
[Black "Gutierrez Carmona, Juan Alejandro"]
[Result "0-1"]
[WhiteElo "2253"]
[BlackElo "2183"]
[Annotator "chessorg"]
[PlyCount "70"]
[EventDate "2020.??.??"]
[WhiteTeam "SK Marburg 1931/72"]

1. c4 e5 2. g3 Nf6 3. Bg2 Nc6 4. Nc3 Bc5 5. Nf3 d6 6. d3 a6 7. a3 h6 8. b4 Ba7
9. O-O O-O 10. Bb2 Rb8 11. Rc1 Bf5 12. Nd5 Re8 13. Qa4 Nxd5 14. cxd5 Nd4 15. e4
Ne2+ 16. Kh1 Bd7 17. Qb3 Nxc1 18. Rxc1 Bxf2 19. d4 exd4 20. Nxd4 Bxd4 21. Bxd4
Rc8 22. Rf1 Qg5 23. Qf3 f6 24. Be3 Bg4 25. Qf2 Qh5 26. Re1 Re7 27. Bf4 Rce8 28.
Rc1 Bh3 29. Bf3 Qg6 30. Qe2 Qf7 31. Bh5 g6 32. Bf3 Bf5 33. Qc4 Bxe4 34. Bxe4
Rxe4 35. Qxc7 Re1+ 0-1

[Event "Schachfestival 2020-Open"]
[Site "Bad Woerishofen"]
[Date "2020.03.13"]
[Round "8.9"]
[White "Dauletova, Gulmira"]
[Black "Felgendreher, Heiko"]
[Result "1-0"]
[WhiteElo "2299"]
[BlackElo "2186"]
[Annotator "chessorg"]
[PlyCount "55"]
[EventDate "2020.??.??"]
[BlackTeam "Freibauer Moerlenbach"]

1. e4 c5 2. Nf3 d6 3. d4 cxd4 4. Nxd4 Nf6 5. Nc3 a6 6. Rg1 g6 7. g4 Bg7 8. g5
Nfd7 9. Be3 Nc6 10. h4 O-O 11. h5 Nxd4 12. Bxd4 Bxd4 13. Qxd4 Qb6 14. Qd2 Qxb2
15. Rb1 Qa3 16. Nd5 Qxa2 17. Nxe7+ Kh8 18. Qc3+ Ne5 19. Ra1 Qe6 20. Nd5 Bd7 21.
f4 Rac8 22. Qb2 f5 23. fxe5 dxe5 24. hxg6 fxe4 25. Nf6 Rxf6 26. gxf6 Qxf6 27.
Rh1 Kg8 28. Qb3+ 1-0

[Event "Schachfestival 2020-Open"]
[Site "Bad Woerishofen"]
[Date "2020.03.13"]
[Round "8.13"]
[White "Gutman, Lev"]
[Black "Rueberg, Jobst"]
[Result "1-0"]
[WhiteElo "2406"]
[BlackElo "2115"]
[PlyCount "53"]
[EventDate "2020.??.??"]
[WhiteTeam "SV Lingen"]
[BlackTeam "SV Ahlen"]

1. Nf3 Nf6 2. g3 g6 3. Bg2 Bg7 4. O-O O-O 5. d4 d6 6. c4 Nbd7 7. Nc3 c6 8. h3
a6 9. a4 a5 10. Be3 b6 11. Qd2 Re8 12. Rfd1 Bb7 13. Bh6 Bh8 14. Ng5 Qc7 15. f4
Bg7 16. Bxg7 Kxg7 17. f5 d5 18. cxd5 Qxg3 19. fxg6 hxg6 20. dxc6 Bxc6 21. e4
Rad8 22. Ne2 Qh4 23. Qe3 Ba8 24. Rf1 Qh6 25. e5 Bxg2 26. Kxg2 Ne4 27. Ne6+ 1-0

[Event "Schachfestival 2020-Open"]
[Site "Bad Woerishofen"]
[Date "2020.03.13"]
[Round "8.14"]
[White "Arnold, Max"]
[Black "Pribyl, Viktor"]
[Result "1-0"]
[WhiteElo "2283"]
[BlackElo "2132"]
[Annotator "chessorg"]
[PlyCount "67"]
[EventDate "2020.??.??"]
[WhiteTeam "SK 1926 Ettlingen"]

1. e4 c5 2. c3 Nf6 3. e5 Nd5 4. Nf3 Nc6 5. Bc4 Nb6 6. Bb3 c4 7. Bc2 Qc7 8. O-O
g6 9. Re1 Bg7 10. Qe2 d6 11. exd6 Qxd6 12. Na3 Bg4 13. h3 h5 14. Nb5 Qb8 15. d4
cxd3 16. Qxd3 Bxf3 17. Qxf3 O-O 18. Bf4 e5 19. Be3 Nc4 20. Bc5 Rd8 21. Rad1 a6
22. Na3 Nxa3 23. Bxa3 Qc7 24. Bb3 Rxd1 25. Rxd1 Rd8 26. Rd5 Bf8 27. Qf6 Rc8 28.
Rd3 Bxa3 29. Qxg6+ Kf8 30. Qh6+ Ke8 31. bxa3 Na5 32. Bd5 Nc4 33. Qxh5 Nb6 34.
Bb3 1-0

[Event "Schachfestival 2020-Open"]
[Site "Bad Woerishofen"]
[Date "2020.03.13"]
[Round "8.18"]
[White "Roemhild, Marcus"]
[Black "Gohla, Ulf"]
[Result "1/2-1/2"]
[WhiteElo "2084"]
[BlackElo "2156"]
[PlyCount "51"]
[EventDate "2020.??.??"]
[WhiteTeam "Bielefelder SK von 1883 e.V."]
[BlackTeam "SV Wattenscheid"]

1. c4 e5 2. g3 Nf6 3. Bg2 d5 4. cxd5 Nxd5 5. Nc3 Nb6 6. Nf3 Nc6 7. O-O Be7 8.
d3 O-O 9. Be3 f6 10. Rc1 Be6 11. d4 exd4 12. Nxd4 Nxd4 13. Bxd4 c6 14. a3 Qd7
15. Ne4 Rfd8 16. Bc5 Qe8 17. Qc2 Nd7 18. b4 Bd5 19. Bxe7 Qxe7 20. e3 a5 21. Nc5
Bxg2 22. Kxg2 axb4 23. axb4 Nxc5 24. bxc5 Rd5 25. Rfd1 Rad8 26. Rxd5 1/2-1/2

[Event "Schachfestival 2020-Open"]
[Site "Bad Woerishofen"]
[Date "2020.03.13"]
[Round "8.21"]
[White "Woerl, Richard"]
[Black "Arndt, Stefan"]
[Result "0-1"]
[WhiteElo "2060"]
[BlackElo "2160"]
[Annotator "chessorg"]
[PlyCount "50"]
[EventDate "2020.??.??"]
[WhiteTeam "SC Schwarz-Weiss Nuernberg Sued e.V."]
[BlackTeam "SG Ennepe-Ruhr-Sued"]

1. e4 e5 2. Nf3 Nc6 3. Bc4 Nf6 4. d3 Be7 5. O-O O-O 6. c3 d5 7. exd5 Nxd5 8.
Re1 Bg4 9. h3 Bh5 10. b4 a6 11. Bb3 Kh8 12. a4 f5 13. Ra2 Bf6 14. b5 Nce7 15.
g4 fxg4 16. Nxe5 Ng6 17. Nxg6+ Bxg6 18. hxg4 axb5 19. axb5 Rxa2 20. Bxa2 Bxc3
21. Re6 Bd4 22. Be3 Nxe3 23. fxe3 Qh4 24. Qe2 Qg3+ 25. Qg2 Bxe3+ 0-1

[Event "Schachfestival 2020-Open"]
[Site "Bad Woerishofen"]
[Date "2020.03.13"]
[Round "8.23"]
[White "Schaefer, Michael"]
[Black "Kretschel, Klaus"]
[Result "1-0"]
[WhiteElo "2158"]
[BlackElo "2056"]
[Annotator "chessorg"]
[PlyCount "53"]
[EventDate "2020.??.??"]
[WhiteTeam "Moerlenbach-Birkenau"]
[BlackTeam "SAbt TuS Fuerstenfeldbruck"]

1. d4 Nf6 2. c4 e6 3. Nc3 Bb4 4. e3 b6 5. Bd3 Bb7 6. Nge2 Be4 7. O-O Bxd3 8.
Qxd3 Bxc3 9. Nxc3 d5 10. f3 O-O 11. e4 h6 12. cxd5 exd5 13. e5 Ne8 14. f4 f5
15. b3 c6 16. Ba3 Rf7 17. Rac1 Nc7 18. Nd1 Ne6 19. Ne3 g6 20. Bd6 Qe8 21. Rc2
Nd7 22. g3 Rc8 23. Rfc1 Kg7 24. b4 g5 25. Nxd5 g4 26. Ne3 Kh8 27. d5 1-0

[Event "Schachfestival 2020-Open"]
[Site "Bad Woerishofen"]
[Date "2020.03.13"]
[Round "8.24"]
[White "Matzat, Andre"]
[Black "De Abreu, Roberto Nicolau"]
[Result "0-1"]
[WhiteElo "2002"]
[BlackElo "2181"]
[PlyCount "36"]
[EventDate "2020.??.??"]
[WhiteTeam "Oberhausener SV 1887 e.V."]
[BlackTeam "Randburg"]

1. d4 Nf6 2. Nf3 c5 3. d5 e6 4. Nc3 exd5 5. Nxd5 Nxd5 6. Qxd5 Nc6 7. e4 d6 8.
Ng5 Qe7 9. Bb5 Bd7 10. Bc4 Nd8 11. O-O h6 12. Nf3 Bc6 13. Qd1 Ne6 14. b4 cxb4
15. Re1 Qf6 16. Rb1 Be7 17. Bb2 Qg6 18. Nh4 Bxh4 0-1

[Event "Schachfestival 2020-Open"]
[Site "Bad Woerishofen"]
[Date "2020.03.13"]
[Round "8.30"]
[White "Behling, Robert"]
[Black "Hornung, Hans"]
[Result "1/2-1/2"]
[WhiteElo "2025"]
[BlackElo "2053"]
[PlyCount "45"]
[EventDate "2020.??.??"]
[WhiteTeam "SAbt TSV Haunstetten"]
[BlackTeam "SK Klosterlechfeld"]

1. c4 c5 2. Nf3 g6 3. d4 Bg7 4. e4 Qa5+ 5. Nc3 Nc6 6. d5 Ne5 7. Bd2 Nxf3+ 8.
Qxf3 d6 9. Be2 Qc7 10. O-O Nf6 11. h3 O-O 12. Qd3 a6 13. a4 e6 14. dxe6 fxe6
15. Bf4 Ne8 16. Be3 Bd7 17. f4 Rd8 18. a5 Bc6 19. g4 Qe7 20. Rad1 Nc7 21. Bf3
Bd4 22. Bg2 e5 23. f5 1/2-1/2

[Event "Schachfestival 2020-Open"]
[Site "Bad Woerishofen"]
[Date "2020.03.13"]
[Round "8.33"]
[White "Saizew, Valeri"]
[Black "Schroeder, Volker"]
[Result "1-0"]
[WhiteElo "1993"]
[BlackElo "2103"]
[PlyCount "71"]
[EventDate "2020.??.??"]
[WhiteTeam "SV Wuerselen 1926 e.V."]
[BlackTeam "SK Weinheim 1911 e.V."]

1. e4 c5 2. Nf3 Nc6 3. d4 cxd4 4. Nxd4 e5 5. Nb5 d6 6. N1c3 a6 7. Na3 Be7 8.
Nc4 b5 9. Ne3 Nf6 10. Ned5 Nxd5 11. Nxd5 O-O 12. a4 Rb8 13. axb5 axb5 14. Bd3
Bg5 15. O-O Bxc1 16. Qxc1 Be6 17. Ne3 d5 18. exd5 Bxd5 19. Rd1 Kh8 20. Bf1 Ne7
21. b3 f5 22. Nxd5 Ng6 23. Nf4 Qb6 24. Nxg6+ Qxg6 25. Rd5 f4 26. Rxe5 Rbc8 27.
Bd3 Qg4 28. Rxb5 Rc6 29. h3 Qh4 30. Rf5 Rcf6 31. Rxf6 Qxf6 32. Ra6 Qh4 33. Qa3
Qd8 34. Qd6 Qc8 35. Be4 Rd8 36. Qxd8+ 1-0

[Event "Schachfestival 2020-Open"]
[Site "Bad Woerishofen"]
[Date "2020.03.13"]
[Round "8.36"]
[White "Oparaugo, Thomas"]
[Black "Riegler, Dieter"]
[Result "1-0"]
[WhiteElo "2039"]
[BlackElo "1940"]
[Annotator "chessorg"]
[PlyCount "43"]
[EventDate "2020.??.??"]
[WhiteTeam "SV Oberursel"]
[BlackTeam "DBSB"]

1. e4 c5 2. Nc3 Nc6 3. d3 g6 4. Be3 d6 5. d4 cxd4 6. Bxd4 Nxd4 7. Qxd4 e5 8.
Qa4+ Bd7 9. Qb3 Rb8 10. Bc4 Nh6 11. Nf3 Be7 12. O-O-O Qa5 13. Rd5 Qb6 14. Qxb6
axb6 15. Nb5 O-O 16. Nxd6 Bc6 17. Rd2 Bxd6 18. Rxd6 Bxe4 19. Nxe5 Rbc8 20. Bb3
Bxg2 21. Rg1 Be4 22. Nd7 1-0

[Event "Schachfestival 2020-Open"]
[Site "Bad Woerishofen"]
[Date "2020.03.13"]
[Round "8.41"]
[White "Dobierzin, Olaf"]
[Black "Schoebel-Kroehn, Lucas"]
[Result "0-1"]
[WhiteElo "2044"]
[BlackElo "1965"]
[Annotator "chessorg"]
[PlyCount "68"]
[EventDate "2020.??.??"]
[WhiteTeam "DBSB/SG Leipzig"]
[BlackTeam "Freibauer Moerlenbach"]

1. e4 c5 2. Nf3 Nc6 3. d4 cxd4 4. Nxd4 g6 5. c4 Nf6 6. Nc3 Nxd4 7. Qxd4 d6 8.
Be3 Bg7 9. Be2 O-O 10. Qd2 a5 11. O-O a4 12. h3 Bd7 13. f4 Qa5 14. e5 dxe5 15.
fxe5 Qxe5 16. Bf3 Bc6 17. Rac1 Bxf3 18. Rxf3 Ne4 19. Nxe4 Qxe4 20. Qf2 Qe5 21.
b3 axb3 22. axb3 Ra1 23. Rxa1 Qxa1+ 24. Kh2 Be5+ 25. g3 Bf6 26. Bc5 Ra8 27. Rd3
Qb1 28. Re3 Ra2 29. Re2 Ra1 30. Qg2 Qxb3 31. Bxe7 Bd4 32. Qd5 Bg1+ 33. Kg2 Bb6
34. Bf6 Rg1+ 0-1

[Event "Schachfestival 2020-Open"]
[Site "Bad Woerishofen"]
[Date "2020.03.13"]
[Round "8.47"]
[White "Malzer, Werner"]
[Black "Kroencke, Manfred"]
[Result "0-1"]
[WhiteElo "1836"]
[BlackElo "1997"]
[PlyCount "80"]
[EventDate "2020.??.??"]
[WhiteTeam "TSV Kirchenlaibach"]
[BlackTeam "SG Glueckstadt von 1920"]

1. e4 c5 2. Nf3 e6 3. d4 cxd4 4. Nxd4 Nc6 5. c4 Nf6 6. Nxc6 bxc6 7. Bd3 Be7 8.
O-O e5 9. Re1 O-O 10. b3 Qc7 11. Bb2 Bc5 12. Qe2 d6 13. Kh1 Ng4 14. Rf1 Qb6 15.
Kg1 f5 16. Nc3 Nxf2 17. Rxf2 Bxf2+ 18. Kh1 f4 19. Rf1 Bh4 20. Na4 Qe3 21. c5
Qxe2 22. Bxe2 d5 23. exd5 cxd5 24. Bb5 d4 25. Bc6 Rb8 26. Bd5+ Kh8 27. g3 Ba6
28. Re1 fxg3 29. Rxe5 Rf1+ 30. Kg2 gxh2 31. Kxh2 Bf6 32. Re6 Bb5 33. Rxf6 gxf6
34. Bxd4 Bxa4 35. bxa4 Rd8 36. Bg2 Rxd4 37. Bxf1 Rd2+ 38. Kg3 Rc2 39. Bh3 Rxc5
40. Be6 Kg7 0-1

[Event "Schachfestival 2020-Open"]
[Site "Bad Woerishofen"]
[Date "2020.03.13"]
[Round "8.51"]
[White "Margraf, Christoph"]
[Black "Carrasco, Paul"]
[Result "0-1"]
[WhiteElo "1945"]
[BlackElo "1917"]
[PlyCount "98"]
[EventDate "2020.??.??"]
[WhiteTeam "SC Ansbach 1855"]

1. d4 Nf6 2. Nc3 d5 3. Bg5 Nbd7 4. Qd3 e6 5. e4 dxe4 6. Nxe4 Be7 7. Nxf6+ Nxf6
8. g3 c6 9. Bg2 O-O 10. Nf3 Qb6 11. b3 Rd8 12. O-O Bd7 13. c4 c5 14. dxc5 Qxc5
15. Qe2 Bc6 16. Be3 Qh5 17. h3 Qa5 18. a3 Qc7 19. b4 b6 20. Rac1 Rac8 21. c5
bxc5 22. Bxc5 Bxc5 23. Rxc5 Qb7 24. Rfc1 Bd5 25. Ne1 Rxc5 26. Rxc5 Bxg2 27.
Nxg2 Ne4 28. Rc2 f5 29. Qc4 Qd5 30. Qxd5 exd5 31. Nf4 d4 32. Nd3 Nc3 33. Kf1 g5
34. f4 h6 35. Ke1 Kg7 36. Nc5 Kf6 37. Nb3 Re8+ 38. Kf1 Re3 39. fxg5+ hxg5 40.
Nxd4 Rxg3 41. Rf2 Ke5 42. Nxf5 Rxh3 43. Kg2 Ne4 44. Kxh3 Nxf2+ 45. Kg2 Kxf5 46.
Kxf2 Ke4 47. b5 Kd4 48. Kg3 Kc5 49. a4 Kb4 0-1

[Event "Schachfestival 2020-Open"]
[Site "Bad Woerishofen"]
[Date "2020.03.13"]
[Round "8.53"]
[White "Hahmann, Markus"]
[Black "Mattes, Heinz"]
[Result "1-0"]
[WhiteElo "1901"]
[BlackElo "1926"]
[Annotator "chessorg"]
[PlyCount "55"]
[EventDate "2020.??.??"]
[WhiteTeam "SK Altenkirchen"]
[BlackTeam "Muenchener SC 1836 e.V."]

1. d4 e6 2. Nc3 d5 3. Bf4 c5 4. e3 cxd4 5. exd4 Bd6 6. Bg3 Nf6 7. Nf3 a6 8. Bd3
Nc6 9. O-O Bxg3 10. hxg3 b5 11. Re1 O-O 12. a3 Bb7 13. Ne2 Qb6 14. c3 a5 15.
Nf4 b4 16. g4 bxc3 17. bxc3 Qc7 18. Nh3 g6 19. Qd2 Nxg4 20. Qg5 h5 21. Bxg6
fxg6 22. Rxe6 Rf7 23. Rae1 Raf8 24. Rxg6+ Rg7 25. Ree6 Rff7 26. Rxg7+ Rxg7 27.
Qxh5 Qf7 28. Re8+ 1-0

[Event "Schachfestival 2020-Open"]
[Site "Bad Woerishofen"]
[Date "2020.03.13"]
[Round "8.54"]
[White "Vetokhina, Sofia"]
[Black "Kluegel, Jan"]
[Result "0-1"]
[WhiteElo "1862"]
[BlackElo "1846"]
[PlyCount "77"]
[EventDate "2020.??.??"]
[WhiteTeam "Botvinnik chess club"]

1. d4 d5 2. c4 c6 3. Nf3 Nf6 4. g3 Bf5 5. Nc3 e6 6. Nh4 Be4 7. f3 Bg6 8. Nxg6
hxg6 9. Qb3 Qb6 10. c5 Qc7 11. Bf4 Qd7 12. Bg2 Nh5 13. O-O-O Nxf4 14. gxf4 Qc7
15. Kb1 Nd7 16. e4 Be7 17. Rde1 b6 18. f5 bxc5 19. fxe6 fxe6 20. exd5 exd5 21.
Re2 Rb8 22. Qc2 Kf7 23. Rhe1 Bf6 24. f4 Qxf4 25. Nxd5 Qxd4 26. Nxf6 Nxf6 27.
Re7+ Kf8 28. Bxc6 c4 29. Ka1 a5 30. a3 Rh3 31. Ka2 Rhb3 32. R1e2 Rxb2+ 33. Qxb2
Rxb2+ 34. Rxb2 Kg8 35. Rc2 c3 36. Be8 Qc4+ 37. Ka1 Qb3 38. Bxg6 Qxa3+ 39. Ra2
0-1

[Event "Schachfestival 2020-Open"]
[Site "Bad Woerishofen"]
[Date "2020.03.13"]
[Round "8.55"]
[White "Schleich, Theo"]
[Black "Lehmann, Edwin"]
[Result "1-0"]
[WhiteElo "1963"]
[BlackElo "1949"]
[PlyCount "61"]
[EventDate "2020.??.??"]
[WhiteTeam "Muenchner SC 1836"]
[BlackTeam "SK Koenigsspringer Emden"]

1. d4 f5 2. Bg5 g6 3. Nc3 d5 4. e3 Bg7 5. h4 h6 6. Bf4 c6 7. Qf3 Be6 8. Qg3 Bf7
9. Nh3 Nd7 10. Bd3 e6 11. f3 Ngf6 12. Qf2 Nh5 13. Bh2 Bf6 14. O-O-O Bxh4 15. g3
Be7 16. e4 Bb4 17. exf5 gxf5 18. g4 Ng7 19. Rdg1 fxg4 20. fxg4 Bxc3 21. bxc3
Qe7 22. Rf1 Nf8 23. Be5 Bg6 24. Bf6 Qf7 25. Qg3 Bxd3 26. cxd3 Qd7 27. Bd8 Nf5
28. gxf5 Kxd8 29. fxe6 Qe7 30. Rf7 Qa3+ 31. Kb1 1-0

[Site "Bad Woerishofen"]
[Date "2020.03.18"]
[Round "9.1"]
[White "Akash G"]
[Black "Santiago, Yago"]
[Result "0-1"]
[WhiteElo "2487"]
[BlackElo "2493"]
[Annotator "chessorg"]
[PlyCount "86"]
[EventDate "2020.??.??"]

1. e4 e6 2. d4 d5 3. Nc3 Nf6 4. e5 Nfd7 5. f4 c5 6. Nf3 Nc6 7. Be3 Qb6 8. Na4
Qa5+ 9. c3 b6 10. Bd2 c4 11. b4 Qa6 12. Be2 Be7 13. O-O O-O 14. Nb2 b5 15. a4
bxa4 16. Qxa4 Qb7 17. b5 Nd8 18. Nxc4 dxc4 19. Qxc4 Qb8 20. Qd3 f5 21. exf6
Nxf6 22. Ne5 Bb7 23. c4 a6 24. b6 Be4 25. Qb3 Qb7 26. c5 Bxg2 27. Rf3 Bxf3 28.
Bxf3 Nd5 29. Be4 Bf6 30. f5 Bxe5 31. dxe5 Nc6 32. fxe6 Nde7 33. Bg5 h6 34. Rd1
Rad8 35. Rd7 Qb8 36. Rd6 hxg5 37. Bxc6 Rf4 38. Bg2 a5 39. b7 Rdf8 40. c6 Qa7+
41. Kh1 Rf1+ 42. Bxf1 Rxf1+ 43. Kg2 Qf2+ 0-1

[Event "Schachfestival 2020-Open"]
[Site "Bad Woerishofen"]
[Date "2020.03.13"]
[Round "9.2"]
[White "Gutierrez Carmona, Juan Alejandro"]
[Black "Vorobiov, Evgeny"]
[Result "0-1"]
[WhiteElo "2183"]
[BlackElo "2534"]
[PlyCount "108"]
[EventDate "2020.??.??"]

1. e4 c5 2. Nc3 g6 3. d4 cxd4 4. Qxd4 Nf6 5. Be3 Bg7 6. f3 O-O 7. Qd2 Nc6 8.
O-O-O d6 9. g4 Qa5 10. Bh6 Be6 11. Bxg7 Kxg7 12. Kb1 Rfc8 13. h4 Ne5 14. h5
Rxc3 15. Qxc3 Qxa2+ 16. Kc1 Bxg4 17. fxg4 Qa1+ 18. Kd2 Nxe4+ 19. Ke1 Qxd1+ 20.
Kxd1 Nxc3+ 21. bxc3 Nxg4 22. Nh3 Rc8 23. Kd2 Rc5 24. Be2 Nf6 25. hxg6 hxg6 26.
Bf3 b6 27. Ra1 Ra5 28. Rxa5 bxa5 29. c4 Nd7 30. Kc3 e5 31. Ng5 Nc5 32. Bd5 f5
33. Nf7 Kf6 34. Nxd6 g5 35. Nb7 Nxb7 36. Bxb7 g4 37. c5 Ke7 38. Kd2 a4 39. Ke2
a3 40. Bd5 f4 41. Kf2 Kd7 42. Kg2 Kc7 43. Kf2 e4 44. Kf1 g3 45. Kg2 Kd7 46. c3
Kc7 47. Bg8 Kc6 48. Bf7 Kxc5 49. Be6 Kd6 50. Bb3 Ke5 51. Ba2 Kf5 52. Bd5 Kg4
53. Ba2 Kh4 54. Be6 f3+ 0-1

[Event "Schachfestival 2020-Open"]
[Site "Bad Woerishofen"]
[Date "2020.03.13"]
[Round "9.3"]
[White "Pirrot, Dieter"]
[Black "Burmakin, Vladimir"]
[Result "1/2-1/2"]
[WhiteElo "2313"]
[BlackElo "2514"]
[PlyCount "63"]
[EventDate "2020.??.??"]
[WhiteTeam "SV 1920 Hofheim"]

1. e4 c6 2. d4 d5 3. exd5 cxd5 4. c4 Nf6 5. Nc3 g6 6. Qb3 Bg7 7. cxd5 O-O 8.
Be2 Na6 9. Bf3 Qb6 10. Qxb6 axb6 11. Nge2 Nb4 12. O-O Rd8 13. d6 Rxd6 14. Bf4
Rd7 15. Rfd1 Nfd5 16. Bg3 Nxc3 17. bxc3 Nc6 18. Rdb1 e5 19. Bxc6 bxc6 20. Bxe5
Bxe5 21. dxe5 Rd2 22. Ng3 Rdxa2 23. Rxa2 Rxa2 24. h4 b5 25. c4 Ra5 26. cxb5
Rxb5 27. Rc1 Rxe5 28. Rxc6 Re1+ 29. Kh2 Be6 30. h5 Kg7 31. hxg6 hxg6 32. Rc2
1/2-1/2

[Event "Schachfestival 2020-Open"]
[Site "Bad Woerishofen"]
[Date "2020.03.18"]
[Round "9.4"]
[White "Pap, Misa"]
[Black "Karpatchev, Alexandr"]
[Result "0-1"]
[WhiteElo "2437"]
[BlackElo "2412"]
[Annotator "chessorg"]
[PlyCount "110"]
[EventDate "2020.??.??"]
[WhiteTeam "SC Hansa Dortmund e.V."]
[BlackTeam "SF Bad Mergentheim"]

1. e4 e5 2. Nf3 Nc6 3. Bb5 a6 4. Ba4 Nf6 5. O-O b5 6. Bb3 Bc5 7. Re1 d6 8. c3
O-O 9. h3 h6 10. a4 Rb8 11. d3 Bb6 12. Na3 b4 13. Nc4 bxc3 14. bxc3 Na5 15.
Nxa5 Bxa5 16. Qc2 Be6 17. Bxe6 fxe6 18. Be3 Bb6 19. d4 exd4 20. cxd4 a5 21.
Rab1 d5 22. e5 Ne4 23. Nd2 Nxd2 24. Qxd2 Qe8 25. Rb5 Qg6 26. Kh2 Rf5 27. f4 h5
28. Rbb1 h4 29. Rf1 Rbf8 30. Qf2 Bxd4 31. Rbe1 Bxe5 32. Qxh4 Bd6 33. Kg1 Rh5
34. Qg4 Qxg4 35. hxg4 Rh4 36. Bd2 Rxg4 37. Rxe6 Bxf4 38. Bxf4 Rfxf4 39. Rxf4
Rxf4 40. Re8+ Kf7 41. Rc8 Rc4 42. Kf2 g5 43. g4 Ke7 44. Kf3 c6 45. Rc7+ Kd6 46.
Rg7 Rxa4 47. Rxg5 Rc4 48. Rg8 Ke7 49. Kg3 a4 50. Ra8 c5 51. Ra6 d4 52. Kf4 d3+
53. Ke3 Rd4 54. Kd2 c4 55. Rxa4 c3+ 0-1

[Event "Schachfestival 2020-Open"]
[Site "Bad Woerishofen"]
[Date "2020.03.13"]
[Round "9.5"]
[White "Assaubayeva, Bibisara"]
[Black "Winkel, Peter"]
[Result "1/2-1/2"]
[WhiteElo "2370"]
[BlackElo "2175"]
[PlyCount "46"]
[EventDate "2020.??.??"]
[BlackTeam "Turm Krefeld"]

1. d4 d5 2. c4 e6 3. Nf3 Nf6 4. Nc3 Be7 5. Bf4 O-O 6. e3 b6 7. Qc2 Ba6 8. O-O-O
dxc4 9. Ng5 Nc6 10. a3 g6 11. h4 Nd5 12. Nxd5 exd5 13. Be2 b5 14. Nxh7 Kxh7 15.
h5 Kg7 16. hxg6 Rh8 17. Qf5 fxg6 18. Qe6 Bb7 19. Rxh8 Qxh8 20. Qxd5 a6 21. g4
Bd6 22. Bxd6 cxd6 23. Qxd6 Qf8 1/2-1/2

[Event "Schachfestival 2020-Open"]
[Site "Bad Woerishofen"]
[Date "2020.03.13"]
[Round "9.6"]
[White "Eckardt, Joshua"]
[Black "Dauletova, Gulmira"]
[Result "0-1"]
[WhiteElo "2270"]
[BlackElo "2299"]
[PlyCount "64"]
[EventDate "2020.??.??"]
[WhiteTeam "SK Koenigsspringer Iserlohn 1934"]

1. d4 Nf6 2. c4 e6 3. g3 d5 4. Nf3 dxc4 5. Bg2 a6 6. O-O Nc6 7. e3 Bd7 8. Qe2
Bd6 9. Qxc4 O-O 10. Rd1 Qe7 11. Nc3 h6 12. Ne5 Nxe5 13. dxe5 Bxe5 14. Bxb7 Ra7
15. Bg2 Rb8 16. e4 Bb5 17. Nxb5 axb5 18. Qc2 Ra4 19. h3 c5 20. Be3 Rc4 21. Qe2
Rb4 22. Rab1 Rc8 23. f4 Bd4 24. Bxd4 cxd4 25. b3 Rc3 26. Rd3 Qa7 27. Kh2 Rxd3
28. Qxd3 Qxa2 29. Rc1 Qxb3 30. Rc8+ Kh7 31. Qxb3 Rxb3 32. Rd8 Nh5 0-1

[Event "Schachfestival 2020-Open"]
[Site "Bad Woerishofen"]
[Date "2020.03.13"]
[Round "9.7"]
[White "Vetokhin, Savva"]
[Black "Parligras, Cosmin"]
[Result "1-0"]
[WhiteElo "2273"]
[BlackElo "2252"]
[Annotator "chessorg"]
[PlyCount "77"]
[EventDate "2020.??.??"]
[WhiteTeam "Botvinnik chess club"]
[BlackTeam "Victoria Techirghiol"]

1. e4 e5 2. Nf3 Nc6 3. Bb5 a6 4. Ba4 Nf6 5. O-O b5 6. Bb3 Be7 7. d3 O-O 8. Nc3
d6 9. a3 Na5 10. Ba2 Be6 11. Bg5 c5 12. Bxf6 Bxf6 13. b4 Nc6 14. bxc5 dxc5 15.
a4 Rb8 16. Nd5 Bxd5 17. Bxd5 Ne7 18. Bb3 Qc7 19. Qe2 Nc6 20. axb5 axb5 21. c3
b4 22. Bd5 bxc3 23. Bxc6 Qxc6 24. Qc2 Qe6 25. Qxc3 Qb3 26. Rfc1 Qxc3 27. Rxc3
Rb5 28. Rac1 Rc8 29. Kf1 Kf8 30. R1c2 Rc6 31. g3 Ke7 32. h4 Ke6 33. Ke2 Kd6 34.
Nd2 Bd8 35. Nc4+ Ke6 36. Ra3 f6 37. Ra8 Kd7 38. Rca2 Rc8 39. Rxc8 1-0

[Event "Schachfestival 2020-Open"]
[Site "Bad Woerishofen"]
[Date "2020.03.13"]
[Round "9.8"]
[White "Dittmar, Peter"]
[Black "Gutman, Lev"]
[Result "0-1"]
[WhiteElo "2240"]
[BlackElo "2406"]
[Annotator "chessorg"]
[PlyCount "44"]
[EventDate "2020.??.??"]
[WhiteTeam "SC Freibauer-Moerlenbach"]
[BlackTeam "SV Lingen"]

1. c4 Nf6 2. Nc3 d5 3. cxd5 Nxd5 4. g3 g6 5. Bg2 Nxc3 6. bxc3 Bg7 7. Rb1 Nd7 8.
Nf3 O-O 9. O-O Nb6 10. Ng5 Rb8 11. Ne4 Be6 12. d3 Bxa2 13. Ra1 Bd5 14. Rxa7 f5
15. Ng5 Bxg2 16. Kxg2 Qd5+ 17. e4 fxe4 18. dxe4 Qc4 19. Qg4 Rf6 20. Be3 h6 21.
Nf3 h5 22. Qh4 Rxf3 0-1